• 首页
  • 本馆介绍
  • 公告通知
  • 最新文献
  • 馆藏检索
  • 电子资源
  • 读者导购
  • 参考咨询
  • 我的图书馆
  • 登录
  • 详细信息显示
  • 放入我的书架
  • 预约/预借图书
  • 作者相关作品
  • 分类相关作品
  • 丛书相关作品
  • 出版社相关作品

书目信息

  • 表格格式
  • 工作单格式
  • 卡片格式
题名:
科普场馆中的生物学
    
 
作者: 乔文军 , 陈宏程 主编
分册:  
出版信息: 北京   科学普及出版社  2020.07
页数: 310页
开本: 29cm
丛书名:
单 册:
中图分类: Q-49
科图分类:
主题词: 生物学--sheng wu xue--青少年读物
电子资源:
ISBN: 978-7-110-10028-8
000 00973nam0 2200253 450
001 0106081736
005 20201106082042.0
010    @a978-7-110-10028-8@dCNY68.00
100    @a20201022d2020 cd y0chiy50 ea
101 0  @achi
102    @aCN@b110000
105    @aa z 000yy
106    @ar
200 1  @a科普场馆中的生物学@Ake pu chang guan zhong de sheng wu xue@f乔文军, 陈宏程主编
210    @a北京@c科学普及出版社@d2020.07
215    @a310页@c彩图@d29cm
300    @a体验科学
330    @a本书围绕北京自然博物馆、北京动物园、北京植物园、中国科学院植物园、南海子麋鹿苑等科普场馆中的生物学科相关重点内容(或特色活动)撰写,这些内容是在有限的参观时间内,教师最希望引导学生去参观体验的内容,与学校的课程紧密结合,富有趣味性,激发学生学习兴趣。
606 0  @a生物学@Asheng wu xue@j青少年读物
690    @aQ-49@v5
701  0 @a乔文军@Aqiao wen jun@4主编
701  0 @a陈宏程@Achen hong cheng@4主编
801  0 @aCN@bBJSZM@c20201106
905    @b1190332-5@dQ-49@e205@f4
    
    科普场馆中的生物学/乔文军, 陈宏程主编.-北京:科学普及出版社,2020.07
    310页:彩图;29cm
    体验科学
    
    ISBN 978-7-110-10028-8:CNY68.00
    本书围绕北京自然博物馆、北京动物园、北京植物园、中国科学院植物园、南海子麋鹿苑等科普场馆中的生物学科相关重点内容(或特色活动)撰写,这些内容是在有限的参观时间内,教师最希望引导学生去参观体验的内容,与学校的课程紧密结合,富有趣味性,激发学生学习兴趣。
●
相关链接 在E读中查询图书 在五车中查询图书 在当当中查询图书 在豆瓣中查询图书


正题名:科普场馆中的生物学     索取号:Q-49/205         预约/预借

序号 登录号 条形码 馆藏地/架位号 状态 备注
1 1190332   211903323   第二样本阅览室/ [索取号:Q-49/205] 在馆    
2 1190333   211903332   第三借阅区/ [索取号:Q-49/205] 在馆    
3 1190334   211903341   第三借阅区/ [索取号:Q-49/205] 在馆    
4 1190335   211903350   第三借阅区/ [索取号:Q-49/205] 在馆    
唐山师范学院图书馆 欢迎您!
大连网信软件有限公司© 版权所有